| 000 | 00606cam a2200193 4500 | ||
|---|---|---|---|
| 001 | D8857 | ||
| 008 | 090401t1981 xxu||||| |||| 00| 0 eng d | ||
| 035 | _a(Sirsi) u15825 | ||
| 041 | _aeng | ||
| 050 | _a690.25 | ||
| 110 |
_aSouth Africa National Building Research Institute _93076 |
||
| 245 | 4 | _aThe avoidance of failures in brickwork cladding of multistorey concrete framed buildings | |
| 260 |
_aPretoria _bSouth Africa National Building Research _c1981 |
||
| 300 | _a12p. 30cm | ||
| 350 | _a0 | ||
| 710 |
_aCouncil of Scientific and Industrial Research _93084 |
||
| 942 | _n0 | ||
| 948 | _c04/03/1997 | ||
| 999 |
_c87316 _d87316 |
||